000 00318nam a22001457a 4500
999 _c10217
_d10217
003 OSt
005 20210217164704.0
008 210217b ||||| |||| 00| 0 eng d
040 _cDDC
050 _bC233F
082 _a296.43
_bC233F
100 _aCantrell, Ron
245 _aThe feasts of the Lord
942 _2ddc
_cBK